000 01234nac a22004097a 4500
001 BR7323035
003 BR-BrBNA
005 20240105113707.0
008 230509b bl.|||m| |||| 00| 0 por d
040 _aBR-BrBNA
_bpor
_cBiblioteca Nacional de Agricultura
072 _aP12; F00
090 _a1530 BR7323035
100 1 _aDematte, J.B.I.
100 1 _aIgue, T.
100 1 _aNagai, V.
100 1 _aCamargo, L. de S.
100 1 _aCampos, H.R. de C.
100 1 _aAlves, S.
100 1 _aScardua, R.
100 1 _aDematte, J.L.I.
110 1 _aInstituto Agronomico, Campinas, SP (Brasil)
111 1 _a14. Congresso Brasileiro de Ciencias do Solo
_cSanta Maria, RS (Brazil)
_d16 Jul 1973
245 1 _aIrrigacao: efeitos na precocidade de cenoura, alface e ervilha
260 3 _aCampinas, SP (Brasil):
_c1974.
300 _a24 p.
490 _aCircular - Instituto Agronomico (Brazil)
_vno. 31
_x
500 _a30 ref.; Summary (En)
650 _aIrrigacao
650 _aProducao vegetal
650 _aCenoura
650 _aAlface
650 _aErvilha
650 _aPrecocidade vegetal
650 _aPratica cultural
909 _a202312
_bLúcia Elande
_c55
_dLúcia Elande
942 _2AGRIS
_n0
_cMS
999 _c265023
_d265023